| 000 | 01428cam a2200385 a 4500 | ||
|---|---|---|---|
| 001 | 16055199 | ||
| 003 | OSt | ||
| 005 | 20240724102223.0 | ||
| 008 | 100114s2010 enka b 001 0 eng | ||
| 010 | _a 2009053544 | ||
| 015 |
_aGBB053258 _2bnb |
||
| 016 | 7 |
_a015535806 _2Uk |
|
| 020 | _a9781844077410 (hbk.) | ||
| 020 | _a1844077411 (hbk.) | ||
| 020 | _a9781844077427 (pbk.) | ||
| 020 | _a184407742X (pbk.) | ||
| 035 | _a(OCoLC)ocn500185242 | ||
| 040 |
_aDLC _cMUST _dYDX _dUKM _dYDXCP _dBWK _dCDX _dDLC |
||
| 043 | _ad------ | ||
| 082 | _a338.9 CAP 2010 | ||
| 245 | 0 | 0 |
_aCapacity development in practice / _cedited by Jan Ubels, Naa-Aku Acquaye-Baddoo and Alan Fowler. |
| 260 |
_aLondon ; _aWashington, DC : _bEarthscan, _c2010. |
||
| 300 |
_axxii, 338 p. : _bill. ; _c25 cm. |
||
| 504 | _aIncludes bibliographical references and index. | ||
| 650 | 0 |
_aEconomic assistance _zDeveloping countries. _95044 |
|
| 650 | 0 |
_aTechnical assistance _zDeveloping countries. _912193 |
|
| 650 | 0 |
_aEconomic development _zDeveloping countries. _918984 |
|
| 650 | 0 |
_aInstitution building _zDeveloping countries. _918985 |
|
| 700 | 1 |
_aUbels, Jan, _d1956- _918986 |
|
| 700 | 1 |
_aAcquaye-Baddoo, Naa-Aku. _918987 |
|
| 700 | 1 |
_aFowler, Alan, _d1947- _918988 |
|
| 906 |
_a7 _bcbc _corignew _d1 _eecip _f20 _gy-gencatlg |
||
| 942 |
_2ddc _cO_SHELF |
||
| 999 |
_c9285 _d9285 |
||